Diario de Campo : Boletín Interno de los Investigadores del Area de Antropología : número 92, mayo-junio 2007 /

Kaydedildi:
Detaylı Bibliyografya
Diğer Yazarlar: Artís, Gloria (dirección) (dirección)
Materyal Türü: Kitap
Dil:İspanyolca
Baskı/Yayın Bilgisi: México : INAH, 2007
Konular:
Etiketler: Etiketle
Etiket eklenmemiş, İlk siz ekleyin!

MARC

LEADER 00000nam^a2200000^a^4500
001 000563951
005 20250526000000.0
009 20260310132016.616
037 |a Acervo ITESO - Biblioteca 
041 |a GRA 
041 |a ESP 
082 |a 300. 5  |b DIA V. 92 
240 1 1 |a [Diario de Campo] 
245 0 0 |a Diario de Campo :  |b Boletín Interno de los Investigadores del Area de Antropología : número 92, mayo-junio 2007 /  |c Dir. de G. Artís. 
264 1 |a México :  |b INAH,  |c 2007 
300 |a 152 p. ;  |c 32.0 cm. 
336 |a texto  |b txt  |2 rdacontenido 
337 |a sin mediación  |b n  |2 rdamedio 
338 |a volumen  |b nc  |2 rdasoporte 
546 |a Edición gráfica con texto en español 
649 |a XX 
650 |a Fotógrafos Mexicanos 
650 |a Artistas Mexicanos 
650 |a Fototecas -  |z México -  |x Colecciones 
650 |a Tarjetas de Presentación -  |z México -  |x Historia -  |y Siglo XIX 
650 |a Retrato (Fotografía) -  |z México -  |x Historia y Crítica 
650 |a Retrato (Fotografía) -  |z México -  |x Tema Principal 
650 |a Fotografía en Sepia -  |z México 
650 |a Fotografía Mexicana -  |y Siglo XIX 
650 |a Fotografía Mexicana -  |x Historia y Crítica 
650 |a Fotografía Mexicana -  |x Tema Principal 
650 |a Arte Mexicano -  |y Siglo XIX 
650 |a Arte Mexicano -  |x Historia y Crítica 
650 |a Antropología Cultural -  |x Publicaciones Periódicas Mexicanas -  |x Tema Principal 
650 |a Publicaciones Periódicas Mexicanas 
650 |a Pérez Salazar, Francisco 
650 |a Colección Pérez Salazar 
700 |a Artís, Gloria  |e (dirección) 
910 |a Fondo Pedro Valtierra 
920 |a Impresos - Libros 
930 |a Libros Antiguos y Raros 
905 |a 129 
901 |a 0500369109  |b IT2  |c LRA  |i D  |u 20250526 
902 |a https://opac.biblio.iteso.mx/vufind/Record/000563951